Central Library OPAC University of Rajshahi

Environmental pollution : (Record no. 36688)

MARC details
000 -LEADER
fixed length control field 00753nam a22002417a 4500
001 - CONTROL NUMBER
control field 36688
003 - CONTROL NUMBER IDENTIFIER
rucl marc code BD-RjUL
005 - DATE AND TIME OF LATEST TRANSACTION
control field 20211209052523.0
008 - FIXED-LENGTH DATA ELEMENTS--GENERAL INFORMATION
fixed length control field 140810s1992 ii |||| b||| 001 0 eng d
020 ## - INTERNATIONAL STANDARD BOOK NUMBER
International Standard Book Number 8170244943
035 ## - SYSTEM CONTROL NUMBER
System control number (BD-RjUL)36789
040 ## - CATALOGING SOURCE
Original cataloging agency BD-RjUL
Language of cataloging eng
Transcribing agency BD-RjUL
Modifying agency BD-RjUL
041 ## - LANGUAGE CODE
Language code of text/sound track or separate title eng
082 ## - DEWEY DECIMAL CLASSIFICATION NUMBER
Edition number 20
Classification number 363.700954
Author mark and year GHE 1992
100 ## - MAIN ENTRY--PERSONAL NAME
Personal name Ghosh, G. K.
9 (RLIN) 111872
245 ## - TITLE STATEMENT
Title Environmental pollution :
Remainder of title a scientific dimension /
Statement of responsibility, etc. G.K. Ghosh.
260 ## - PUBLICATION, DISTRIBUTION, ETC. (IMPRINT)
Place of publication, distribution, etc. New Delhi :
Name of publisher, distributor, etc. Ashish Pub. House,
Date of publication, distribution, etc. c1992.
300 ## - PHYSICAL DESCRIPTION
Pagination x, 250 p. ;
Size 23 cm.
504 ## - BIBLIOGRAPHY, ETC. NOTE
Bibliography, etc Includes bibliographical reference (p. [237]-244) and index.
650 ## - SUBJECT ADDED ENTRY--TOPICAL TERM
Topical term or geographic name as entry element Pollution
Geographic subdivision India.
9 (RLIN) 43959
Topical term or geographic name as entry element Sustainable development
Geographic subdivision India.
9 (RLIN) 111873
942 ## - ADDED ENTRY ELEMENTS (KOHA)
Source of classification or shelving scheme Dewey Decimal Classification
Koha item type Books
Holdings
Lost status Source of classification or shelving scheme Damaged status Not for loan Collection code Permanent Location Current Location Shelving location Date acquired Total Checkouts Full call number Date last seen Copy number Koha item type Source of acquisition Cost, normal purchase price
  Dewey Decimal Classification     Non-fiction Central Library, University of Rajshahi Central Library, University of Rajshahi   28/03/2000   363.700954 GHE 1992 20/03/2017 C-2 Books Dhaka, Lucky Syndicate 350.00
  Dewey Decimal Classification   Not For Loan Non-fiction Institute of Biological Sciences (IBSc) Library Institute of Biological Sciences (IBSc) Library   10/08/2014   363.700954 GHE 1992 10/08/2014 C-1 Books